The Bible on Christian unity, (Record no. 5640)
[ view plain ]
| 000 -LEADER | |
|---|---|
| fixed length control field | 00822cam a22002531 4500 |
| 001 - CONTROL NUMBER | |
| control field | 9866491 |
| 003 - CONTROL NUMBER IDENTIFIER | |
| control field | GBCCL |
| 005 - DATE AND TIME OF LATEST TRANSACTION | |
| control field | 20241126110546.0 |
| 008 - FIXED-LENGTH DATA ELEMENTS--GENERAL INFORMATION | |
| fixed length control field | 720714s1965 xx 000 0 eng |
| 010 ## - | |
| -- | 65022863 |
| 035 ## - SYSTEM CONTROL NUMBER | |
| System control number | (OCoLC)356125 |
| 040 ## - CATALOGING SOURCE | |
| Original cataloging agency | DLC |
| Transcribing agency | ONowdM |
| Modifying agency | DLC |
| 042 ## - | |
| -- | premarc |
| 050 00 - | |
| -- | BV601.5 |
| -- | .L413 |
| 082 ## - DEWEY DECIMAL CLASSIFICATION NUMBER | |
| Classification number | 262.72 |
| Item number | LES |
| 100 1# - MAIN ENTRY--PERSONAL NAME | |
| Personal name | Lescrauwaet, J. F. |
| Fuller form of name | (Josephus Franciscus) |
| 9 (RLIN) | 10188 |
| 245 14 - TITLE STATEMENT | |
| Title | The Bible on Christian unity, |
| Statement of responsibility, etc. | by J.S.[i.e.F.]Lescrauwaet. Translated by N.D. Smith |
| 260 ## - PUBLICATION, DISTRIBUTION, ETC. | |
| Place of publication, distribution, etc. | De Pere, Wis., |
| Name of publisher, distributor, etc. | St. Norbert Abbey Press, |
| Date of publication, distribution, etc. | 1965. |
| 300 ## - PHYSICAL DESCRIPTION | |
| Extent | 159,[1]p. |
| Dimensions | 17 cm. |
| 504 ## - BIBLIOGRAPHY, ETC. NOTE | |
| Bibliography, etc. note | Bibliographical references included in "Notes" (p.[160]) |
| 650 #0 - SUBJECT ADDED ENTRY--TOPICAL TERM | |
| Topical term or geographic name entry element | Church |
| General subdivision | Unity |
| -- | Biblical teaching. |
| 9 (RLIN) | 10189 |
| 906 ## - LOCAL DATA ELEMENT F, LDF (RLIN) | |
| a | 7 |
| b | cbc |
| c | oclcrpl |
| d | u |
| e | ncip |
| f | 19 |
| g | y-gencatlg |
| 942 ## - ADDED ENTRY ELEMENTS (KOHA) | |
| Source of classification or shelving scheme | Dewey Decimal Classification |
| Koha item type | Books |
| Withdrawn status | Lost status | Source of classification or shelving scheme | Damaged status | Not for loan | Home library | Current Library | Shelving location | Date acquired | Total checkouts | Full call number | Barcode | Date last seen | Date last checked out | Copy number | Price effective from | Koha item type |
|---|---|---|---|---|---|---|---|---|---|---|---|---|---|---|---|---|
| Dewey Decimal Classification | GRACE BIBLE COLLEGE | GRACE BIBLE COLLEGE | Ministry & Mission | 2018-04-03 | 1 | 262.72 LES | 001757 | 2025-05-01 | 2025-01-22 | c.1 | 2018-04-03 | Books |